| 000 | 00405nam a22001577a 4500 | ||
|---|---|---|---|
| 003 | CEME | ||
| 005 | 20210628203208.0 | ||
| 008 | 210420b xxu||||| |||| 00| 0 eng d | ||
| 040 | _c. | ||
| 082 | _a531.12 LON'K | ||
| 100 |
_aLoney, S. L _939358 |
||
| 245 | _aSolutions of the examples in the elements of statics and dynamics | ||
| 260 |
_aLONDON _bCAMBRIDGE _c1953 |
||
| 300 | _a391P | ||
| 942 |
_cBK _2ddc |
||
| 999 |
_c572599 _d572599 |
||